The mouse and the motorcycle / (Record no. 3510)

MARC details
000 -LEADER
fixed length control field 00754nam a22002417a 4500
001 - CONTROL NUMBER
control field 3510
003 - CONTROL NUMBER IDENTIFIER
control field FISKH
005 - DATE AND TIME OF LATEST TRANSACTION
control field 20241018151526.0
008 - FIXED-LENGTH DATA ELEMENTS--GENERAL INFORMATION
fixed length control field 240314b cb ||||| |||| 00| 0 eng d
040 ## - CATALOGING SOURCE
Original cataloging agency FISK
Language of cataloging eng
Transcribing agency FISK
Modifying agency FISK
050 ## - LIBRARY OF CONGRESS CALL NUMBER
Classification number PZ7.C5792
082 ## - DEWEY DECIMAL CLASSIFICATION NUMBER
Classification number 813.36
100 ## - MAIN ENTRY--PERSONAL NAME
Personal name Cleary Beverly
Dates associated with a name 1916-2021
245 ## - TITLE STATEMENT
Title The mouse and the motorcycle /
Statement of responsibility, etc. Beverly Cleary
260 ## - PUBLICATION, DISTRIBUTION, ETC.
Place of publication, distribution, etc. New York :
Name of publisher, distributor, etc. Scholastic,
Date of publication, distribution, etc. 1998
300 ## - PHYSICAL DESCRIPTION
Extent 158 pages :
Other physical details illustrations,
Dimensions 20 cm
505 ## - FORMATTED CONTENTS NOTE
Formatted contents note Q
520 ## - SUMMARY, ETC.
Summary, etc. A reckless young mouse named Ralph makes friends with a boy in room 215 of the Mountain View Inn and discovers the joys of motorcycling.
521 8# - TARGET AUDIENCE NOTE
Target audience note 860
Source Lexile
700 ## - ADDED ENTRY--PERSONAL NAME
Personal name Beverly Cleary
942 ## - ADDED ENTRY ELEMENTS (KOHA)
Source of classification or shelving scheme Dewey Decimal Classification
Koha item type Books
Suppress in OPAC No
Holdings
Withdrawn status Lost status Source of classification or shelving scheme Damaged status Not for loan Collection Home library Current library Shelving location Date acquired Total Checkouts Full call number Barcode Date last seen Price effective from Koha item type
    Dewey Decimal Classification     Fiction Footprints International School Library Network Toul Tom Poung Campus Footprints International School Library Network Toul Tom Poung Campus TTP Secondary Fiction Bookshelves 03/14/2024   CLE PZ7.C5792 813.36 2024-0334 10/18/2024 03/14/2024 Books